000 00619nam a2200181Ia 4500
003 GCL
008 140319s9999 xx 000 0 ara d
040 _aGCL /
_cGCL
082 0 4 _aق
_b342.62
_bهـ د
100 1 _aالهيئة العامة للاستعلامات
245 1 0 _aدستور جمهورية مصر العربية /
_cالهيئة العامة للاستعلامات
260 _aالقاهرة :
_bالهيئة العامة للاستعلامات ،
_c1994
300 _a66 ص ؛
_c18 سم
650 0 4 _aمصر
650 0 4 _aالدساتير
650 0 4 _aمصر - الدستور
942 _2ddc
_cBK
999 _c51607
_d51607